NFL Future HOFers - Statistics

General Stats
  • This quiz has been taken 950 times
  • The average score is 10 of 17
Answer Stats
Current Team Postion Player % Correct
Patriots QB Tom Brady
96%
Cardinals WR Larry Fitzgerald
94%
Packers QB Aaron Rodgers
93%
Saints QB Drew Brees
93%
Patriots TE Rob Gronkowski
90%
Steelers QB Ben Roethlisberger
85%
Texans DE JJ Watt
78%
Chargers TE Antonio Gates
72%
Cowboys TE Jason Witten
69%
Browns OT Joe Thomas
58%
Ravens LB Terrell Suggs
46%
Colts K Adam Vinatieri
37%
Dolphins DT Ndamakung Suh
36%
Cardinals RB Adrian Peterson
35%
Colts RB Frank Gore
34%
Panthers LB Julius Peppers
18%
Giants WR Brandon Marshall
9%
No matching quizzes found
Score Distribution
Percent of People with Each Score
Percentile by Number Answered
Your Score History
You have not taken this quiz